Frontierland/Fronterilandia : The Border in the Popular Imagination of the U.S. and Mexico./
Documental sobre las manifestaciones culturales que mantienen el vínculo de los mexicanos en Estados Unidos con su país natal, en particular la imaginería popular en las zonas fronterizas entre ambas naciones.
Shranjeno v:
| Glavni avtor: | |
|---|---|
| Drugi avtorji: | |
| Format: | |
| Jezik: | angleščina |
| Serija: | (Chicano Cinema and Media Art ;
4) |
| Teme: | |
| Oznake: |
Brez oznak, prvi označite!
|
MARC
| LEADER | 00000ngm^a2200000^a^4500 | ||
|---|---|---|---|
| 001 | 000311578 | ||
| 005 | 20250521000000.0 | ||
| 009 | 20260310113049.507 | ||
| 037 | |a Acervo ITESO - Biblioteca | ||
| 041 | |a ING | ||
| 082 | |a 819. 3 |b CHI V. 4 | ||
| 100 | |a Lerner, Jesse |e (realización) | ||
| 240 | 1 | 1 | |a [Fronterilandia] |
| 245 | 1 | 0 | |a Frontierland/Fronterilandia : |b The Border in the Popular Imagination of the U.S. and Mexico./ |c Realización de J. Lerner, R. Ortiz Torres. |
| 246 | 2 | |a Título en México: Fronterilandia | |
| 264 | 2 | |a Los Angeles, EUA : |b University of California Los Angeles, Chicano Studies Research Center [distribución], |c 2005, c2005 | |
| 300 | |a 1 DVD sin dato de región (77 min.) : |b color | ||
| 336 | |a imagen móvil bidimensional |b tdi |2 rdacontenido | ||
| 337 | |a video |b v |2 rdamedio | ||
| 338 | |a videodisco |b vd |2 rdasoporte | ||
| 440 | 1 | |a (Chicano Cinema and Media Art ; |v 4) | |
| 520 | |a Documental sobre las manifestaciones culturales que mantienen el vínculo de los mexicanos en Estados Unidos con su país natal, en particular la imaginería popular en las zonas fronterizas entre ambas naciones. | ||
| 546 | |a En español, inglés y nahua, con subtítulos en español e inglés | ||
| 649 | |a XX | ||
| 650 | |a Documentales | ||
| 650 | |a Cine Experimental - |z EUA | ||
| 650 | |a Cine Chicano - |y 1990-1999 | ||
| 650 | |a Cine Chicano - |y Siglo XX | ||
| 650 | |a Cine Norteamericano - |y 1990-1999 | ||
| 650 | |a Cine Norteamericano - |y Siglo XX | ||
| 650 | |a Fronteras Geopolíticas - |z México-EUA - |x Aspectos Sociales y Culturales | ||
| 650 | |a Consumo y Oferta Cultural - |z México (Frontera Norte) - |x Tema Principal | ||
| 650 | |a Consumo y Oferta Cultural - |z EUA - |x Tema Principal | ||
| 650 | |a Prácticas Culturales - |z EUA | ||
| 650 | |a Prácticas Culturales - |z México (Frontera Norte) | ||
| 650 | |a Relaciones Interculturales - |z México-EUA | ||
| 650 | |a Relaciones Internacionales - |z México-EUA | ||
| 650 | |a México - |x Condiciones Sociales y Culturales | ||
| 650 | |a EUA - |x Condiciones Sociales y Culturales | ||
| 700 | |a Ortiz Torres, Rubén |e (realización) | ||
| 910 | |a Fondo General | ||
| 920 | |a Audiovisuales - DVDs | ||
| 940 | |a Películas | ||
| 905 | |a 308 | ||
| 901 | |a 0500202438 |b IT2 |c DVR |i C121792 |u 20250521 | ||
| 902 | |a https://opac.biblio.iteso.mx/vufind/Record/000311578 | ||